Alle Länder des Osmanischen Reiches (mit Karte) - Statistiken

Allgemein
  • Dieses Quiz wurde 67 mal gespielt
  • Das Durchschnittsergebnis liegt bei 28 aus 31
Antworten auf der Karte
Die Antworten werden auf der Karte rot bzw. grün angezeigt, abhängig davon wie oft sie richtig erraten wurden.
 
Antwortstatistiken
Land % Korrekt
Irak
97%
Saudi-Arabien
97%
Syrien
97%
Türkei
97%
Albanien
95%
Algerien
95%
Griechenland
95%
Kroatien
95%
Serbien
95%
Ägypten
93%
Bosnien und Herzegowina
93%
Bulgarien
93%
Israel
93%
Zypern
93%
Kosovo
92%
Libanon
92%
Nordmazedonien
92%
Rumänien
92%
Tunesien
92%
Ungarn
90%
Russland
88%
Georgien
86%
Jordanien
86%
Montenegro
86%
Ukraine
86%
Libyen
85%
Moldau
85%
Slowakei
81%
Kuwait
78%
Sudan
64%
Eritrea
58%
Keine übereinstimmenden Quizze gefunden
Verteilung der Resultate
Anzahl Personen mit jedem Resultat
Perzentil nach korrekt beantworteten Fragen
Ihre Resultats-Entwicklung
Sie haben dieses Quiz noch nicht gespielt